| 000 | 00518nam a2200181 i 4500 | ||
|---|---|---|---|
| 001 | 142641 | ||
| 003 | ES-MaACL | ||
| 005 | 20230906200600.0 | ||
| 007 | t| | ||
| 008 | 071009s1966 sp ||||1| cat d | ||
| 080 | _a39(467.1) | ||
| 100 | 1 |
_aVilarrasa i Vall, Salvador. _9114822 |
|
| 245 | 1 | 3 |
_aLa vida a Pagés / _cSalvador Vilarrasa y Vall. |
| 260 |
_aRipoll : _bMaiden, _c1966. |
||
| 300 |
_a353 p. : _bil. ; _c17 cm. |
||
| 651 | 4 |
_aCataluña- _xUsos y costumbres. _98026 |
|
| 852 |
_aES-MaACL _jC-30582 _bR.60840 |
||
| 999 |
_c142641 _d142641 |
||